• 首页
  • 本馆介绍
  • 公告通知
  • 最新文献
  • 馆藏检索
  • 电子资源
  • 读者导购
  • 参考咨询
  • 我的图书馆
  • 登录
  • 详细信息显示
  • 放入我的书架
  • 预约/预借图书
  • 作者相关作品
  • 分类相关作品
  • 丛书相关作品
  • 出版社相关作品

书目信息

  • 表格格式
  • 工作单格式
  • 卡片格式
题名:
中国名校优秀设计大系
    
 
作者: 本社编
分册:   广告招贴卷
出版信息: 福州   福建美术出版社  2005
页数: 120页
开本: 29cm
丛书名:
单 册:
中图分类: J121 , J524.3
科图分类:
主题词: 广告--设计--中国--现代--图集 , 艺术--中国 , 工艺美术--设计--中国--现代--图集 , 广告 , 中国艺术节
电子资源:
ISBN: 7-5393-1505-9
000 00965nam0 2200277 450
001 0709000030
005 20070601082101.89
010    @a7-5393-1505-9@dCNY48.00
100    @a20051122d2005 em y0chiy0110 ea
101 0  @achi
102    @aCN@b350000
105    @aa z 000yy
200 1  @a中国名校优秀设计大系@Azhong guo ming xiao you xiu she ji da xi@f本社编@Fben she bian@i广告招贴卷
210    @a福州@c福建美术出版社@d2005
215    @a120页@c图@d29cm
304    @a英文共同题名:Excellent design by famous art college
330    @a本书收入的作品有:“五行”主题招贴、张名理教授“婚姻”系列讲座海报、大连市第25届国际服装节海报、中国人的友谊观、环境主题招贴“活”、纽约电影节参展影片等。
606 0  @a广告@x设计@y中国@z现代@j图集
606 0  @a艺术@x中国
606 0  @a工艺美术@x设计@y中国@z现代@j图集
606 0  @a广告
606 0  @a中国艺术节
690    @aJ121@v4
690    @aJ524.3@v4
801  0 @aCN@bTAOJIN@c20070601
905    @a10447@dJ121@e74
    
    中国名校优秀设计大系/本社编.广告招贴卷.-福州:福建美术出版社,2005
    120页:图;29cm
    
    
    ISBN 7-5393-1505-9:CNY48.00
    本书收入的作品有:“五行”主题招贴、张名理教授“婚姻”系列讲座海报、大连市第25届国际服装节海报、中国人的友谊观、环境主题招贴“活”、纽约电影节参展影片等。
●
相关链接 在E读中查询图书 在五车中查询图书 在当当中查询图书 在豆瓣中查询图书


正题名:中国名校优秀设计大系     索取号:J121/74         预约/预借

序号 登录号 条形码 馆藏地/架位号 状态 备注
1 0523785   205237858   第一样本阅览室/ [索取号:J121/74] 在馆    
2 0523786   205237867   第一借阅区/ [索取号:J121/74] 在馆    
3 0523787   205237876   第一借阅区/ [索取号:J121/74] 在馆    
唐山师范学院图书馆 欢迎您!
大连网信软件有限公司© 版权所有